الكشاف عن حقائق التنزيل وعيون الأقاويل في وجوه التأويل (Record no. 5967)
[ view plain ]
| 000 -LEADER | |
|---|---|
| fixed length control field | 00815nam a2200193Ii 4500 |
| 003 - CONTROL NUMBER IDENTIFIER | |
| control field | JO-AjNU |
| 008 - FIXED-LENGTH DATA ELEMENTS--GENERAL INFORMATION | |
| fixed length control field | 230605s9999||||xx |||||||||||||| ||und|| |
| 040 ## - CATALOGING SOURCE | |
| Original cataloging agency | JO-AjNU |
| Language of cataloging | ara |
| Description conventions | rda |
| Transcribing agency | JO-AjNU |
| 041 ## - LANGUAGE CODE | |
| Language code of text/sound track or separate title | ara |
| 050 14 - LIBRARY OF CONGRESS CALL NUMBER | |
| Classification number | BP130.4.Z3.2009 |
| 100 3# - MAIN ENTRY--PERSONAL NAME | |
| Personal name | تأليف الخوارزمي، أبي القاسم جار الله محمود بن عمر الزمخشري ؛ يوسف الحمادى، شرح وضبط ومراجعة, |
| Relator term | author |
| 9 (RLIN) | 11582 |
| 245 00 - TITLE STATEMENT | |
| Title | الكشاف عن حقائق التنزيل وعيون الأقاويل في وجوه التأويل |
| 264 31 - PRODUCTION, PUBLICATION, DISTRIBUTION, MANUFACTURE, AND COPYRIGHT NOTICE | |
| Place of production, publication, distribution, manufacture | القاهرة : مكتبة مصر، 1900 |
| 300 ## - PHYSICAL DESCRIPTION | |
| Extent | ج1، 517ص |
| 336 ## - CONTENT TYPE | |
| Content type term | text |
| Content type code | txt |
| Source | rdacontent |
| 337 ## - MEDIA TYPE | |
| Media type term | unmediated |
| Media type code | n |
| Source | rdamedia |
| 338 ## - CARRIER TYPE | |
| Carrier type term | volume |
| Carrier type code | nc |
| Source | rdacarrier |
| 650 #4 - SUBJECT ADDED ENTRY--TOPICAL TERM | |
| Topical term or geographic name entry element | القرآن الكريم -- تفسير |
| 9 (RLIN) | 11583 |
| Withdrawn status | Lost status | Source of classification or shelving scheme | Damaged status | Not for loan | Home library | Current library | Shelving location | Date acquired | Total Checkouts | Full call number | Barcode | Date last seen | Price effective from | Koha item type |
|---|---|---|---|---|---|---|---|---|---|---|---|---|---|---|
| Library of Congress Classification | مكتبة جامعة عجلون الوطنية | مكتبة جامعة عجلون الوطنية | المراجع | 06/06/2023 | BP130.4.Z3.2009 | A2399 | 06/06/2023 | 06/06/2023 | Reference |